000 00357nam a2200145Ia 4500
008 250124s9999||||xx |||||||||||||| ||und||
020 _a9789383758142
082 _a546
_bKUM/I
100 _aKumar,Umendra
245 0 _aInorganic Chemistry
250 _a2nd Edition
260 _aNew Delhi
_bVayu Education of India
_c2024
300 _a620p.
942 _cBK
999 _c47815
_d47815